00401pab a2200121 454500008003600000100001700036245009800053650002200151650001500173650002200188650005600210773001300266180718b xxu||||| |||| 00| 0 eng d aMuttagi, P.K aTraining personnel of the local government in developing countries - a comprehensive approach a Public Personnel a Personnel a Local Government aTraining - Personnel, Public - Developing Countries aNagarlok